The mystic saint of shirdi / (Record no. 155489)

MARC details
000 -LEADER
fixed length control field 00585nam a22001937a 4500
005 - DATE AND TIME OF LATEST TRANSACTION
control field 20180806102706.0
010 ## - LCCN (DPL NO)
LC control number ENG-123681
020 ## - INTERNATIONAL STANDARD BOOK NUMBER
International Standard Book Number 9788124120118
Terms of availability 495.00
035 ## - SYSTEM CONTROL NUMBER
System control number EN-107213
037 ## - SOURCE OF ACQUISITION
Source of stock number/acquisition DBAD/PUB
082 ## - DEWEY DECIMAL CLASSIFICATION NUMBER
Classification number 230.35
100 ## - MAIN ENTRY--PERSONAL NAME
Personal name Nanda, A.R.
245 ## - TITLE STATEMENT
Title The mystic saint of shirdi /
Statement of responsibility, etc by A.R. Nanda
260 ## - PUBLICATION, DISTRIBUTION, ETC. (IMPRINT)
Place of publication, distribution, etc New Delhi
Name of publisher, distributor, etc Har-Anand Publications
Date of publication, distribution, etc 2017
270 ## - ADDRESS
Address E-49/3,Okhla Industrial Area,Phase-II
City New Delhi
Postal code 110020
300 ## - PHYSICAL DESCRIPTION
Extent 146p.:
Dimensions 21cm (pbk)
500 ## - GENERAL NOTE
General note It includes select bibliography
942 ## - ADDED ENTRY ELEMENTS (KOHA)
Source of classification or shelving scheme Dewey Decimal Classification
Item type English Books
Classification part 230.35
Call number suffix NAN
Holdings
Withdrawn status Lost status Not for loan Collection code Home library Current library Date acquired Source of acquisition Cost, normal purchase price Full call number Barcode Copy number Cost, replacement price Koha item type
      Non-fiction Shahdara Branch Shahdara Branch 06/08/2018 DBAD/PUB 495.00 230.35 NAN EN-107213 1 495.00 English Books

© Delhi Public Library
Hit Counter
free hit counter